when in Rome

Αποθηκεύτηκε σε:
Λεπτομέρειες βιβλιογραφικής εγγραφής
Κύριος συγγραφέας: Marsh, Ngaio
Μορφή: Βιβλίο
Γλώσσα:Undetermined
Έκδοση: Londres, Inglaterra The Companion Book Club 1970
Θέματα:
Ετικέτες: Προσθήκη ετικέτας
Δεν υπάρχουν, Καταχωρήστε ετικέτα πρώτοι!

MARC

LEADER 00000nam a2200000Ia 4500
008 170316s9999 xx 000 0 und d
040 |a cru BVZT 
090 |a 820 M-8w 
100 |a Marsh, Ngaio 
245 |a when in Rome 
260 |a Londres, Inglaterra 
260 |b The Companion Book Club 
260 |c 1970 
300 |a 255 páginas 
650 |a LITERATURA INGLESA 
999 |c 7035  |d 7035 
942 |c 15 D  |h 820 M-8w  |2 z